Pancha Maha Nighantu (Record no. 24228)

MARC details
000 -LEADER
fixed length control field 00278nam a2200109Ia 4500
082 ## - DEWEY DECIMAL CLASSIFICATION NUMBER
Classification number 030.8:801.323.9
Item number MOO
100 ## - MAIN ENTRY--AUTHOR NAME
Personal name Moosakutty, V A
245 #0 - TITLE STATEMENT
Title Pancha Maha Nighantu
260 ## - PUBLICATION, DISTRIBUTION, ETC. (IMPRINT)
Place of publication Kottayam
Name of publisher V Publishers
Year of publication 1976
942 ## - ADDED ENTRY ELEMENTS (KOHA)
Koha item type Books
Holdings
Withdrawn status Lost status Damaged status Not for loan Home library Current library Date acquired Cost, normal purchase price Full call number Accession Number Koha item type
        RRII Library RRII Library 16/12/2021 60.00 030.8:801.323.9 MOO 04912 Books